| 000 | 00514nam a2200169 4500 | ||
|---|---|---|---|
| 001 | 136363 | ||
| 003 | ES-MaACL | ||
| 005 | 20230906195114.0 | ||
| 007 | t| | ||
| 008 | 070214s1972 sp r ||||1| spa d | ||
| 245 | 0 | 0 |
_aSacerdotes ¿de qué iglesia? _b: once testimonios / _cJean Codron [et.al.] ; traducción de Eloy Requena. |
| 260 |
_aMadrid : _bStudium, _c1972. |
||
| 300 |
_a175 p. ; _c21 cm. |
||
| 700 | 1 |
_aCodron, Jean. _939448 |
|
| 700 | 1 |
_aRequena, Eloy. _996289 |
|
| 852 |
_aES-MaACL _jC-48800 _bR.84647 |
||
| 999 |
_c136363 _d136363 |
||